| 000 | 00000nam 2200000za 4500 |
| 001 | 9.699747 |
| 003 | CaOODSP |
| 005 | 20221107095604 |
| 007 | cr ||||||||||| |
| 008 | 150407|1986||||xxc|||||o f|0| 0 eng d |
| 040 | |aCaOODSP|beng |
| 043 | |an-cn--- |
| 086 | 1 |aCP32-51/1986E-PDF |
| 110 | 1 |aCanada. |bPrivy Council Office. |
| 245 | 10|aReport of the Inquiry into the Collapse of the CCB and Northland Bank / |h[electronic resource]|cby the Honourable Willard Z. Estey, commissioner. |
| 260 | |aOttawa - Ontario : |bPrivy Council Office |cAugust 1986. |
| 300 | |a82, 110, 172, 112, 184p.|bglossary, organization chart, tables |
| 500 | |aHistorical publication digitized in 2008 by Privy Council Office of Canada. |
| 590 | |a15-04-Supp|b2015-03-19 |
| 690 | 07|aBankruptcies|2gcpds |
| 690 | 07|aBanks|2gcpds |
| 690 | 07|aCommissions of inquiry|2gcpds |
| 775 | 08|tRapport de la Commission d'enquête sur la faillite de la Banque commerciale du Canada et de la Norbanque |w(CaOODSP)9.643725 |
| 856 | 40|ahttp://publications.gc.ca|qPDF|s8.78 MB|uhttps://publications.gc.ca/collections/collection_2014/bcp-pco/CP32-51-1986-5-eng.pdf |
| 856 | 40|ahttp://publications.gc.ca|qPDF|s3.67 MB|uhttps://publications.gc.ca/collections/collection_2014/bcp-pco/CP32-51-1986-1-eng.pdf |
| 856 | 40|ahttp://publications.gc.ca|qPDF|s5.68 MB|uhttps://publications.gc.ca/collections/collection_2014/bcp-pco/CP32-51-1986-4-eng.pdf |
| 856 | 40|ahttp://publications.gc.ca|qPDF|s9.56 MB|uhttps://publications.gc.ca/collections/collection_2014/bcp-pco/CP32-51-1986-3-eng.pdf |
| 856 | 40|ahttp://publications.gc.ca|qPDF|s6.04 MB|uhttps://publications.gc.ca/collections/collection_2014/bcp-pco/CP32-51-1986-2-eng.pdf |